000 00564nam a2200181Ia 4500
008 180523s9999 xx 000 0 und d
020 _a0-07-052718-0
050 _aMAIN QD 256.5
050 _b.O74 2000 c.2
245 0 _aOrganic chemistry :
245 0 _bbased on schaum's outline of organic chemistry by Herbert Meislich, Howard Nechamkin, and Jacob Sharefkin.
245 0 _cabridgement editors, Mark S. Meier and Jennifer L. Muzyka.
260 _aNew York :
260 _bMcGraw-Hill,
260 _c2000
300 _a138 pages :
300 _c22 cm.
999 _c357535
_d357535